000 00492nam a2200181Ia 4500
008 230711s9999||||xx |||||||||||||| ||und||
020 _a978-81-8128-282-8
041 _aENG
082 _a658.4034
_bKA-I
100 _aKasana,H.S
245 0 _aIntroductory operations research theory and applications
250 _a1st . Ed.
260 _c2005
_aNew York
_bSpringer Science & Business Media
300 _a581p.
650 _aUNIVESITY BUSNIESS SCHOOL
700 _aKumar,K.D
942 _cBK
999 _c5817
_d5817